| 000 | 00732nam a22002657a 4500 | ||
|---|---|---|---|
| 008 | 130515b xxu||||| |||| 00| 0 eng d | ||
| 020 | _a0-521-59779-X | ||
| 024 | _cAvailable | ||
| 037 | _cAvailable | ||
| 040 |
_aMBSTU LIBRARY _dMBSTU LIBRARY |
||
| 082 |
_222 _a421 BRA |
||
| 100 | _aBroadhead, Annie | ||
| 110 | _aStephen slater. | ||
| 245 | _aAdvance your english course book | ||
| 260 |
_aUK _bCambridge University Press. _c2002 |
||
| 300 |
_a29 cm. _b74 page _f1 _g29 cm. |
||
| 600 | _aStandard english | ||
| 650 | _2Standard english | ||
| 700 | _aBroadhead, Annie | ||
| 710 | _aStephen slater. | ||
| 270 |
_aUK _bUK _dUK |
||
| 365 |
_b1168.00 _d1168.00 |
||
| 942 |
_2ddc _cBK |
||
| 999 |
_c403 _d403 |
||